[Event "21st ch-EUR Indiv w 2021"]
[Site "Iasi ROU"]
[Date "2021.08.09"]
[Round "1.44"]
[White "Paraschiv, Petronela-Alexandra"]
[Black "Beydullayeva, Govhar"]
[Result "0-1"]
[BlackTitle "WIM"]
[WhiteElo "1979"]
[BlackElo "2282"]
[WhiteFideId "1233696"]
[BlackFideId "13413015"]
[EventDate "2021.08.09"]

1. d4 Nf6 2. Nf3 e6 3. g3 c5 4. c3 Nc6 5. Bg2 d5 6. O-O h6 7. Nbd2 Bd6 8. Qc2
cxd4 9. Nxd4 Qb6 10. Nxc6 bxc6 11. c4 Ba6 12. b3 O-O 13. e3 Rac8 14. Re1 e5 15.
Bb2 Qd8 16. Bh3 Rb8 17. e4 d4 18. Bxd4 exd4 19. e5 c5 20. exd6 Qxd6 21. Bg2 Rfe8
22. Ne4 Nxe4 23. Rxe4 Rxe4 24. Bxe4 Re8 25. Rd1 Qe5 26. Re1 Kf8 27. Re2 Qh5 28.
Bd3 Bc8 29. Rxe8+ Kxe8 30. Be4 Bh3 31. Bg2 Bf5 32. Qd2 Qg5 33. f4 Qe7 34. Kf2 g5
35. Bc6+ Kf8 36. Bd5 g4 37. a3 Be4 38. Bxe4 Qxe4 39. Qe2 Qh1 40. Qxg4 Qxh2+ 41.
Kf1 Qh1+ 42. Kf2 Qe4 43. Qc8+ Kg7 44. Qg4+ Kf8 45. Qc8+ Kg7 46. Qg4+ Kh7 47. Qe2
Qb1 48. Qe5 Qc2+ 49. Kf1 Qxb3 50. Qf5+ Kg8 51. Qg4+ Kf8 52. Qc8+ Kg7 53. Qxc5
Qf3+ 54. Ke1 Qxg3+ 55. Kd1 Qg1+ 56. Kd2 Qe3+ 57. Kd1 Qg1+ 58. Kd2 Qf2+ 59. Kd1
Qf1+ 60. Kc2 Qe2+ 61. Kb3 Qd3+ 62. Ka4 Qc2+ 63. Kb4 Qc3+ 64. Ka4 d3 65. Qd5 d2
66. Qg2+ Kf6 67. Qc6+ Kf5 68. Qd7+ Ke4 69. Qb7+ Kd3 70. Qd7+ Kc2 71. Qf5+ Kc1 0-1

[Event "21st ch-EUR Indiv w 2021"]
[Site "Iasi ROU"]
[Date "2021.08.09"]
[Round "1.45"]
[White "Agrest, Inna"]
[Black "Tamrazyan, Gohar"]
[Result "0-1"]
[WhiteTitle "WIM"]
[WhiteElo "2281"]
[BlackElo "1973"]
[WhiteFideId "1708830"]
[BlackFideId "1330799"]
[EventDate "2021.08.09"]

1. e4 c5 2. Nf3 Nc6 3. d4 cxd4 4. Nxd4 e5 5. Nb5 d6 6. N1c3 a6 7. Na3 b5 8. Nd5
Nge7 9. Bd3 Nxd5 10. exd5 Ne7 11. c4 g6 12. cxb5 Bg7 13. O-O O-O 14. Re1 f5 15.
bxa6 e4 16. Bb5 Bxa6 17. Bxa6 Rxa6 18. Nb5 Qb6 19. a4 Qb7 20. Bf4 Rd8 21. Bg5
Rd7 22. Bxe7 Rxe7 23. Qc2 Rb6 24. Rad1 Re8 25. b3 Rc8 26. Qa2 Rc5 27. g3 Be5 28.
Re2 Ra6 29. Qd2 Ra8 30. h4 Qg7 31. Rc1 Rac8 32. Rxc5 Rxc5 33. Qa5 Qf8 34. Qa6
Rxd5 35. Rc2 Rd1+ 36. Kg2 Kg7 37. Rc7+ Kh6 38. Qa7 Qg8 39. Qe3+ g5 40. hxg5+ Kg6
41. Nc3 Rd3 42. Qc1 Qxb3 43. Qh1 h5 44. g4 fxg4 45. Qe1 Rxc3 46. Qxe4+ Kxg5 47.
Re7 Rf3 48. Rb7 Qa2 49. Qe1 Rg3+ 50. Kf1 Qc4+ 0-1

[Event "21st ch-EUR Indiv w 2021"]
[Site "Iasi ROU"]
[Date "2021.08.09"]
[Round "1.46"]
[White "Zeliantsova, Kseniya"]
[Black "Sedina, Elena"]
[Result "1-0"]
[WhiteTitle "WFM"]
[BlackTitle "IM"]
[WhiteElo "1970"]
[BlackElo "2279"]
[WhiteFideId "13512617"]
[BlackFideId "812153"]
[EventDate "2021.08.09"]

1. e4 e5 2. Nf3 Nc6 3. Bb5 a6 4. Ba4 Nf6 5. d3 b5 6. Bb3 Bc5 7. O-O d6 8. c3 O-O
9. Bg5 h6 10. Bh4 g5 11. d4 Bb6 12. Nxg5 hxg5 13. Bxg5 exd4 14. Qf3 Kg7 15. Bd5
Bd7 16. Nd2 Ne5 17. Qd1 c6 18. Bb3 Rg8 19. f4 dxc3+ 20. Kh1 Neg4 21. bxc3 Ne3
22. Qe1 Nxf1 23. e5 dxe5 24. fxe5 Kf8 25. Bh6+ Ke7 26. exf6+ Kxf6 27. Qxf1+ Kg6
28. Qf4 Qf6 29. Bc2+ Bf5 30. Rf1 Kh7 31. Bxf5+ Kh8 32. Ne4 Bc7 33. Nxf6 Bxf4 34.
Nxg8 Be5 35. Ne7 Bxc3 36. Be4 Rd8 37. Nxc6 f5 38. Nxd8 1-0

[Event "21st ch-EUR Indiv w 2021"]
[Site "Iasi ROU"]
[Date "2021.08.09"]
[Round "1.47"]
[White "Narva, Mai"]
[Black "Mikheeva, Galina"]
[Result "1-0"]
[WhiteTitle "WIM"]
[BlackTitle "WFM"]
[WhiteElo "2276"]
[BlackElo "1968"]
[WhiteFideId "4500512"]
[BlackFideId "44108320"]
[EventDate "2021.08.09"]

1. e4 e5 2. Nf3 Nc6 3. Bb5 Nd4 4. Nxd4 exd4 5. Bc4 Nf6 6. O-O d5 7. exd5 Nxd5 8.
Qh5 Be6 9. Re1 Nf4 10. Qb5+ c6 11. Qxb7 Rc8 12. d3 Rc7 13. Qb3 Nd5 14. Bxd5 Qxd5
15. Bf4 Rc8 16. Nd2 Be7 17. Qxd5 cxd5 18. Rac1 Bb4 19. Re2 Bxd2 20. Rxd2 f6 21.
Bg3 Rc6 22. f4 Ra6 23. a3 Kd7 24. Bf2 Rc8 25. Bxd4 Ra4 26. Bf2 Rb8 27. c3 Rb7
28. Bd4 Kc6 29. Kf2 Ra6 30. Kf3 h5 31. h3 h4 32. Re1 Kd6 33. Ra1 Rb3 34. Bf2 Ra4
35. Bd4 Bf5 36. Re1 Be6 37. Re3 Bf5 38. Re8 Ra5 39. Ra8 Rab5 40. Rxa7 Rxb2 41.
Rxb2 Rxb2 42. Rxg7 Bxd3 43. Bxf6 Be4+ 44. Kg4 Rxg2+ 45. Kxh4 Ra2 46. Kg5 Rg2+
47. Kh6 Rh2 48. h4 Ke6 49. Bg5 Rc2 50. Rc7 Kd6 51. Rc8 Kd7 52. Rd8+ Ke6 53. Re8+
Kd7 54. Re7+ Kd6 55. Bf6 Ra2 56. Kg7 Rxa3 57. h5 Rxc3 58. Bxc3 Kxe7 59. h6 Ke6
60. h7 Bxh7 61. Kxh7 Kf5 62. Bd2 1-0

[Event "21st ch-EUR Indiv w 2021"]
[Site "Iasi ROU"]
[Date "2021.08.09"]
[Round "1.48"]
[White "Mirza, Diana"]
[Black "Mamedjarova, Zeinab"]
[Result "0-1"]
[WhiteTitle "WFM"]
[BlackTitle "WGM"]
[WhiteElo "1933"]
[BlackElo "2272"]
[WhiteFideId "2503999"]
[BlackFideId "13401521"]
[EventDate "2021.08.09"]

1. d4 Nf6 2. Nf3 e6 3. Bf4 c5 4. e3 Qb6 5. Nc3 Na6 6. Nb5 cxd4 7. exd4 Be7 8.
Be2 O-O 9. O-O d6 10. Nd2 Nd5 11. Bg3 f5 12. h3 f4 13. Bh2 Bd7 14. a4 Kh8 15.
Nc4 Qc6 16. Na5 Qc8 17. Bf3 b6 18. c4 bxa5 19. cxd5 exd5 20. Bxd5 Rb8 21. Qe2
Qd8 22. Rfe1 Nb4 23. Qxe7 Nxd5 24. Qxd8 Rfxd8 25. Nxd6 Kg8 26. Nc4 Rb4 27. Re5
Bxa4 28. Nxa5 Rxd4 29. b3 Bb5 30. Nb7 Rb8 31. Nd6 Bd7 32. Rae1 h6 33. R5e4 Rxe4
34. Nxe4 Bf5 35. Nc5 Kf7 36. Re5 Re8 37. Rxe8 Kxe8 38. Kf1 Ke7 39. Ke2 Kd6 40.
Nd3 g5 41. g4 Bxd3+ 42. Kxd3 Kc5 43. h4 gxh4 44. Ke4 h3 45. Kf5 Kd4 46. Kg6 Ke4
47. Kxh6 Kf3 48. g5 Kg2 0-1

[Event "21st ch-EUR Indiv w 2021"]
[Site "Iasi ROU"]
[Date "2021.08.09"]
[Round "1.49"]
[White "Schulze, Lara"]
[Black "Donghvani, Nia"]
[Result "1/2-1/2"]
[WhiteTitle "FM"]
[WhiteElo "2269"]
[BlackElo "1902"]
[WhiteFideId "12956830"]
[BlackFideId "13614649"]
[EventDate "2021.08.09"]

1. e4 c5 2. Nf3 d6 3. d4 cxd4 4. Nxd4 Nf6 5. Nc3 a6 6. Be3 e5 7. Nf3 Qc7 8. a4
Be7 9. Be2 O-O 10. O-O Be6 11. Ng5 Bc4 12. a5 Nbd7 13. Ra4 Bxe2 14. Qxe2 Rac8
15. Nf3 Rfe8 16. Nd2 Nc5 17. Rc4 Qd7 18. Bxc5 dxc5 19. Ra4 Rcd8 20. Nc4 Qc7 21.
Nb6 Qc6 22. b3 Rd4 23. Ncd5 Bd8 24. Nxf6+ Bxf6 25. Rxd4 exd4 26. f3 Bd8 27. Nc4
Bc7 28. Qd3 Qh6 29. g3 Qh3 30. f4 h5 31. Qf3 Re6 32. e5 h4 33. g4 Qxf3 34. Rxf3
Re7 35. Rh3 f6 36. Rxh4 fxe5 37. fxe5 g6 38. Rh3 Bxe5 39. Kf2 Bc7 40. Rf3 Bxh2
41. Rh3 Bc7 42. b4 cxb4 43. Rb3 Rh7 44. Rxb4 Rh2+ 45. Kf3 Rxc2 46. Ke4 Rg2 47.
Kxd4 Rxg4+ 48. Kd3 Bxa5 49. Rxb7 Rg3+ 50. Ke4 Be1 51. Ra7 Rg4+ 52. Kd3 a5 53.
Nxa5 Bxa5 54. Rxa5 Kg7 55. Ke3 Kf6 56. Kf3 Rb4 57. Ra3 1/2-1/2

[Event "21st ch-EUR Indiv w 2021"]
[Site "Iasi ROU"]
[Date "2021.08.09"]
[Round "1.50"]
[White "Babayeva, Nasrin"]
[Black "Lehaci, Miruna-Daria"]
[Result "0-1"]
[BlackTitle "WFM"]
[WhiteElo "1889"]
[BlackElo "2267"]
[WhiteFideId "13416626"]
[BlackFideId "1234765"]
[EventDate "2021.08.09"]

1. c4 e6 2. g3 d5 3. Bg2 Nf6 4. Nf3 dxc4 5. Na3 Bxa3 6. bxa3 O-O 7. O-O Nbd7 8.
Bb2 c5 9. Qc2 a6 10. a4 Ra7 11. Qxc4 b6 12. d4 Bb7 13. dxc5 Bd5 14. Qf4 bxc5 15.
Rfd1 Rb7 16. Ba3 Qa5 17. Ne1 Bxg2 18. Kxg2 Nd5 19. Qc4 Rc8 20. Nd3 N7b6 21. Qc1
Nxa4 22. Ne5 Nac3 23. Nc4 Qa4 24. Nd6 Qc6 25. e4 Nxd1 26. Nxc8 N5c3 27. f3 Qxc8
28. Qd2 Rd7 29. Qe1 Qd8 30. Bxc5 Rd2+ 31. Kg1 Qd3 0-1

[Event "21st ch-EUR Indiv w 2021"]
[Site "Iasi ROU"]
[Date "2021.08.09"]
[Round "1.51"]
[White "Abdulla, Khayala"]
[Black "Pancu, Aureliana-Eugenia"]
[Result "1/2-1/2"]
[WhiteTitle "WGM"]
[WhiteElo "2264"]
[BlackElo "1862"]
[WhiteFideId "13401807"]
[BlackFideId "1226355"]
[EventDate "2021.08.09"]

1. e4 e6 2. d4 d5 3. Nc3 Nf6 4. Bg5 Bb4 5. e5 h6 6. Bd2 Nfd7 7. Qg4 Kf8 8. a3
Be7 9. Nf3 c5 10. Bd3 Nc6 11. Qf4 Bg5 12. Nxg5 hxg5 13. Qg3 c4 14. Be2 Nxd4 15.
O-O-O Nf5 16. Qxg5 Qxg5 17. Bxg5 Nxe5 18. g4 Nd6 19. Be3 Ke7 20. f4 Nd7 21. f5
Nf6 22. Bc5 b6 23. Bxd6+ Kxd6 24. g5 Nd7 25. Bxc4 Bb7 26. Be2 Rh4 27. g6 fxg6
28. fxe6 Ne5 29. Nb5+ Ke7 30. Nd4 Rf8 31. Rhg1 Rff4 32. c3 Rxh2 33. Bb5 a6 34.
Ba4 Rff2 35. Rg5 Rh5 36. Rg3 g5 37. Re1 g4 38. Bc2 Kd6 39. Rge3 Rf8 40. e7 Re8
41. Nf5+ Rxf5 42. Bxf5 Rxe7 43. Kb1 Bc6 44. Bxg4 Be8 45. Bf5 Bf7 46. Rg1 g6 47.
Bc2 Re6 48. Reg3 Rf6 49. Bb3 g5 50. Rd1 g4 51. Ka2 b5 52. Rg2 Nc4 53. Bxc4 bxc4
54. a4 Kc5 55. Re1 Be6 56. b3 cxb3+ 57. Kxb3 d4+ 58. Kc2 Bf5+ 59. Kd2 dxc3+ 60.
Kxc3 Re6 61. Rf1 Re3+ 62. Kd2 Re5 63. Rf4 Be6 64. Rg3 Kd6 65. Rb4 Kc5 66. Rb8
Re4 67. a5 Bc4 68. Kc3 Be2 69. Rg1 Ra4 70. Kd2 Bf3 71. Rc1+ Kd4 1/2-1/2

[Event "21st ch-EUR Indiv w 2021"]
[Site "Iasi ROU"]
[Date "2021.08.09"]
[Round "1.52"]
[White "Batagan, Ilinca-Petra"]
[Black "Sandu, Mihaela"]
[Result "1-0"]
[BlackTitle "WGM"]
[WhiteElo "1846"]
[BlackElo "2263"]
[WhiteFideId "1261002"]
[BlackFideId "1204327"]
[EventDate "2021.08.09"]

1. d4 Nf6 2. c4 g6 3. Nf3 Bg7 4. Nc3 O-O 5. e4 d6 6. Be2 Nbd7 7. Bg5 c5 8. O-O
cxd4 9. Nxd4 Nc5 10. f3 a5 11. Qd2 Bd7 12. Rad1 a4 13. Be3 Qb6 14. Kh1 Bc6 15.
Rb1 Rfc8 16. b4 axb3 17. Nxb3 Nxb3 18. axb3 Qb4 19. Bd4 Ra3 20. Bd1 Rca8 21. Qd3
Ra1 22. Rxa1 Rxa1 23. Nd5 Nxd5 24. exd5 Rxd1 25. Rxd1 Bd7 26. Bxg7 Kxg7 27. Qd4+
f6 28. Qe3 Be8 29. Qxe7+ Bf7 30. Qe3 h5 31. Ra1 h4 32. Ra4 1-0

[Event "21st ch-EUR Indiv w 2021"]
[Site "Iasi ROU"]
[Date "2021.08.09"]
[Round "1.53"]
[White "Muetsch, Annmarie"]
[Black "Maria, Lia-Alexandra"]
[Result "1-0"]
[WhiteTitle "WIM"]
[BlackTitle "WCM"]
[WhiteElo "2259"]
[BlackElo "1837"]
[WhiteFideId "12971367"]
[BlackFideId "1248952"]
[EventDate "2021.08.09"]

1. e4 e6 2. d4 d5 3. e5 c5 4. c3 Nc6 5. Nf3 Nge7 6. Bd3 cxd4 7. cxd4 Nf5 8. Bxf5
exf5 9. Nc3 Be7 10. h4 O-O 11. Bg5 f6 12. exf6 Bxf6 13. Bxf6 Rxf6 14. O-O Be6
15. Re1 h6 16. Qb3 Na5 17. Qb4 b6 18. Rac1 Nc4 19. Nb5 a6 20. Na3 b5 21. Ne5 f4
22. b3 a5 23. Qc5 Nxa3 24. Qxa3 b4 25. Qb2 Bf5 26. Rc5 Re6 27. h5 Be4 28. f3 Bf5
29. Qd2 Rc8 30. Qxf4 Rf6 31. Qc1 Rxc5 32. dxc5 Bd7 33. Qe3 Be8 34. Ng4 Rf8 35.
Qe5 Bf7 36. Rd1 Re8 37. Qf5 Qc7 38. Rc1 Qg3 39. Qd3 Bxh5 40. Qxd5+ Bf7 41. Qd2
h5 42. Nf2 h4 43. c6 Be6 44. Ne4 Qc7 45. Qg5 h3 46. Nf6+ Kf8 47. Nxe8 Kxe8 48.
gxh3 Bxh3 49. Qh5+ 1-0

[Event "21st ch-EUR Indiv w 2021"]
[Site "Iasi ROU"]
[Date "2021.08.09"]
[Round "1.54"]
[White "Trifoi, Mihaela-Ioana"]
[Black "Havanecz, Bianka"]
[Result "1/2-1/2"]
[BlackTitle "WIM"]
[WhiteElo "1807"]
[BlackElo "2257"]
[WhiteFideId "1246364"]
[BlackFideId "704814"]
[EventDate "2021.08.09"]

1. e4 e5 2. Nf3 Nc6 3. Bc4 Bc5 4. d3 Nf6 5. Bb3 d5 6. exd5 Nxd5 7. O-O O-O 8. h3
a5 9. c3 Ba7 10. Re1 Be6 11. Bc2 Re8 12. Na3 f6 13. Nb5 Bb6 14. d4 exd4 15.
Nbxd4 Nxd4 16. Nxd4 Bf7 17. Nf5 Rxe1+ 18. Qxe1 Qe8 19. Bd2 Rd8 20. Bb3 Qxe1+ 21.
Rxe1 Kf8 22. Bc1 Bg6 23. Bxd5 Rxd5 24. Ne7 Rd3 25. Nxg6+ hxg6 26. Kf1 g5 27. Ke2
Rd5 28. Be3 Bxe3 29. Kxe3 Kf7 30. Re2 Ke6 31. Kf3+ Kf7 32. Re4 Rd2 33. Re2 Rd5
34. Re4 Rd2 35. Re2 Rd5 36. Re4 Rd2 1/2-1/2

[Event "21st ch-EUR Indiv w 2021"]
[Site "Iasi ROU"]
[Date "2021.08.09"]
[Round "1.55"]
[White "Eric, Jovana"]
[Black "Kostina, Veronika"]
[Result "1-0"]
[WhiteTitle "WGM"]
[WhiteElo "2254"]
[BlackElo "1801"]
[WhiteFideId "938238"]
[BlackFideId "34166235"]
[EventDate "2021.08.09"]

1. e4 e6 2. d4 d5 3. Nd2 c5 4. exd5 exd5 5. Ngf3 Nf6 6. Bb5+ Nc6 7. O-O Be7 8.
dxc5 Bxc5 9. Re1+ Be6 10. Nb3 Qb6 11. Nxc5 Qxc5 12. Nd4 O-O 13. Bxc6 bxc6 14.
Rxe6 fxe6 15. Nxe6 Qb6 16. Nxf8 Rxf8 17. Be3 Qxb2 18. Bxa7 Ne4 19. Bd4 Qb4 20.
Rb1 Qc4 21. Rb7 Nf6 22. h3 c5 23. Be5 Rf7 24. Rb8+ Rf8 25. Rb3 d4 26. Bxf6 Rxf6
27. Qh5 Rf8 28. Qd1 h6 29. a3 Re8 30. Rd3 Qe6 31. Kh2 Qe5+ 32. Rg3 Qe2 33. Qc1
Kh8 34. Rf3 c4 35. Qb1 Qe5+ 36. g3 Rb8 37. Qd1 Rd8 38. Qd2 Qe4 39. Rf4 Qd5 40.
a4 d3 41. cxd3 Qxd3 42. Qb4 c3 43. Qc5 Qd2 44. Rc4 Rd5 45. Qf8+ Kh7 46. Rc8 Re5
47. Qg8+ Kg6 48. Rc6+ Kf5 49. Qh7+ Kg5 50. Qg6# 1-0

[Event "21st ch-EUR Indiv w 2021"]
[Site "Iasi ROU"]
[Date "2021.08.09"]
[Round "1.56"]
[White "Babineca, Darja"]
[Black "Sieber, Fiona"]
[Result "0-1"]
[BlackTitle "WIM"]
[WhiteElo "1756"]
[BlackElo "2254"]
[WhiteFideId "1337440"]
[BlackFideId "12902373"]
[EventDate "2021.08.09"]

1. e4 c5 2. Nf3 d6 3. d4 cxd4 4. Nxd4 Nf6 5. Nc3 a6 6. Bg5 Nbd7 7. f4 h6 8. Bh4
g6 9. Nf3 Bg7 10. Bc4 Qa5 11. Qd2 Qb4 12. Bd3 b5 13. O-O Bb7 14. a3 Qc5+ 15. Bf2
Qc7 16. e5 dxe5 17. fxe5 Nxe5 18. Nxe5 Qxe5 19. Rae1 Qc7 20. Qe3 O-O 21. Bg3 Qc6
22. Re2 Rad8 23. Be5 Ng4 24. Be4 Qe6 25. Bxg7 Nxe3 26. Bxf8 Bxe4 27. Rxe3 Kxf8
28. Rxe4 Qb6+ 29. Kh1 Rd2 30. Re2 Rxe2 31. Nxe2 e5 32. Nc3 Qd4 33. Rd1 Qf2 0-1

[Event "21st ch-EUR Indiv w 2021"]
[Site "Iasi ROU"]
[Date "2021.08.09"]
[Round "1.57"]
[White "Fataliyeva, Ulviyya"]
[Black "Matasaru, Stephanie"]
[Result "1-0"]
[WhiteTitle "WGM"]
[WhiteElo "2253"]
[BlackElo "1741"]
[WhiteFideId "13403052"]
[BlackFideId "1242040"]
[EventDate "2021.08.09"]

1. d4 Nf6 2. Bg5 c5 3. d5 Ne4 4. Be3 e6 5. g3 Qb6 6. dxe6 dxe6 7. Qc1 Be7 8. Bg2
Nf6 9. c4 O-O 10. Nf3 Nc6 11. O-O Qc7 12. Nc3 a6 13. Rd1 Rd8 14. Qc2 Bd7 15. Bf4
Qa5 16. a3 Be8 17. Rdb1 Bd6 18. b4 cxb4 19. axb4 Qc7 20. b5 Ne7 21. Bxd6 Rxd6
22. Ng5 Rc8 23. Nce4 Nxe4 24. Qxe4 Ng6 25. Qxb7 axb5 26. Qxc7 Rxc7 27. Ra8 Re7
28. cxb5 Rb6 29. Bc6 Kf8 30. Nxh7+ Kg8 31. Ng5 Kf8 32. f4 f5 33. Rd1 1-0

[Event "21st ch-EUR Indiv w 2021"]
[Site "Iasi ROU"]
[Date "2021.08.09"]
[Round "1.58"]
[White "Pirvan, Maria"]
[Black "Dornbusch, Tatiana"]
[Result "0-1"]
[BlackTitle "WGM"]
[WhiteElo "1628"]
[BlackElo "2249"]
[WhiteFideId "1262629"]
[BlackFideId "14107449"]
[EventDate "2021.08.09"]

1. e4 Nf6 2. e5 Nd5 3. d4 d6 4. c4 Nb6 5. f4 Bf5 6. Nc3 dxe5 7. fxe5 e6 8. Be3
Be7 9. Nf3 O-O 10. Be2 f6 11. O-O Nc6 12. exf6 Bxf6 13. Qd2 Qe7 14. Rad1 Rad8
15. Qc1 Rd7 16. c5 Nd5 17. Nxd5 exd5 18. Bb5 Be4 19. Bxc6 bxc6 20. Ng5 Re8 21.
Rfe1 Qd8 22. Qd2 Bf5 23. Nf3 Bg4 24. Qf2 Rf7 25. Rf1 Bh4 26. Qd2 Bxf3 27. Rxf3
Rxf3 28. gxf3 Qe7 29. Bf2 Bg5 30. f4 Bh4 31. Bg3 Bxg3 32. hxg3 Qe2 33. b4 Qf3
34. Re1 Qxg3+ 35. Kf1 Rxe1+ 36. Qxe1 Qxe1+ 37. Kxe1 Kf7 0-1

[Event "21st ch-EUR Indiv w 2021"]
[Site "Iasi ROU"]
[Date "2021.08.10"]
[Round "2.1"]
[White "Peycheva, Gergana"]
[Black "Batsiashvili, Nino"]
[Result "0-1"]
[WhiteTitle "FM"]
[BlackTitle "GM"]
[WhiteElo "2332"]
[BlackElo "2487"]
[WhiteFideId "2916711"]
[BlackFideId "13602993"]
[EventDate "2021.08.09"]

1. d4 Nf6 2. c4 e6 3. Nc3 Bb4 4. e3 O-O 5. Bd2 d5 6. Nf3 b6 7. cxd5 exd5 8. Rc1
Bb7 9. Bd3 Be7 10. O-O Nbd7 11. Ne5 Nxe5 12. dxe5 Nd7 13. f4 Nc5 14. Qc2 Nxd3
15. Qxd3 c5 16. Rcd1 d4 17. exd4 cxd4 18. Ne4 Qd5 19. Rfe1 Bh4 20. Re2 a5 21.
Qf3 Rad8 22. Qg4 f5 23. exf6 Bxf6 24. Rde1 Bc6 25. Nxf6+ Rxf6 26. Qg5 Qxg5 27.
fxg5 Rf5 28. Re5 Rdf8 29. Rxf5 Rxf5 30. Rc1 Bb5 31. g4 Re5 32. Re1 Be2 33. Kf2
d3 34. h3 Kf7 35. Rc1 Bxg4 36. Rc7+ Kf8 37. hxg4 Re2+ 38. Kf3 Rxd2 39. a4 Rxb2
40. Rb7 Rb4 41. Ke3 Rxa4 42. Rxb6 Rxg4 43. Rb5 Rg3+ 44. Kd2 Kf7 45. Rxa5 Kg6 46.
Rc5 Rxg5 47. Rc6+ Kh5 48. Kxd3 Re5 49. Rc7 Kh6 50. Kd4 Re6 51. Kd5 Re1 0-1

[Event "21st ch-EUR Indiv w 2021"]
[Site "Iasi ROU"]
[Date "2021.08.10"]
[Round "2.2"]
[White "Sliwicka, Alicja"]
[Black "Javakhishvili, Lela"]
[Result "1/2-1/2"]
[WhiteTitle "WIM"]
[BlackTitle "IM"]
[WhiteElo "2306"]
[BlackElo "2470"]
[WhiteFideId "1150677"]
[BlackFideId "13601458"]
[EventDate "2021.08.09"]

1. e4 e5 2. d4 exd4 3. Nf3 Nc6 4. Nxd4 Nf6 5. Nxc6 bxc6 6. e5 Qe7 7. Qe2 Nd5 8.
c4 Nb6 9. b3 a5 10. Ba3 Qe6 11. Bxf8 Rxf8 12. Nd2 Bb7 13. Qe4 O-O-O 14. c5 d5
15. exd6 Qxe4+ 16. Nxe4 Rfe8 17. f3 f5 18. O-O-O fxe4 19. cxb6 cxd6 20. fxe4
Rxe4 21. Bd3 Rb4 22. Rhf1 Rxb6 23. Rf7 Ba6 24. Bxa6+ Rxa6 25. Re1 Rd7 26. Ree7
Rxe7 27. Rxe7 a4 28. Kb2 axb3 29. axb3 g5 30. Rxh7 Ra5 31. Rg7 Re5 32. Kc3 1/2-1/2

[Event "21st ch-EUR Indiv w 2021"]
[Site "Iasi ROU"]
[Date "2021.08.10"]
[Round "2.3"]
[White "Mammadzada, Gunay"]
[Black "Calzetta Ruiz, Monica"]
[Result "1-0"]
[WhiteTitle "IM"]
[BlackTitle "WGM"]
[WhiteElo "2460"]
[BlackElo "2306"]
[WhiteFideId "13403729"]
[BlackFideId "2204185"]
[EventDate "2021.08.09"]

1. e4 e6 2. d4 d5 3. Nd2 dxe4 4. Nxe4 Bd7 5. Bd3 Bc6 6. Nf3 Nd7 7. O-O Ngf6 8.
Neg5 Bd6 9. Re1 h6 10. Nh3 Bxf3 11. Qxf3 O-O 12. Bf4 Bxf4 13. Nxf4 c6 14. c3 Re8
15. Bc2 e5 16. Ne2 Qb6 17. Bb3 a5 18. Rab1 a4 19. Bc4 exd4 20. cxd4 Re7 21. Red1
Rae8 22. Nc3 Qb4 23. Bf1 Nb6 24. h3 Nbd5 25. a3 Qa5 26. Rbc1 Ne4 27. Nxd5 cxd5
28. Rc2 Qb6 29. g3 Nf6 30. Kg2 g6 31. Qd3 Re1 32. Rxe1 Rxe1 33. Qd2 Qe6 34. Bd3
Ra1 35. Qe2 Qxe2 36. Bxe2 Kg7 37. h4 h5 38. Rc7 b6 39. Rb7 Rc1 40. Rxb6 Rc2 41.
Bf3 Rd2 42. Rb4 Ne4 43. Bxe4 dxe4 44. Kf1 Kf6 45. Ke1 Rc2 46. d5 Ke5 47. d6 Kxd6
48. Rxe4 Rxb2 49. Rxa4 Ra2 50. Rd4+ Ke5 51. Rd3 f6 52. Re3+ Kf5 53. Rf3+ Ke5 54.
Rb3 Kf5 55. Rf3+ Ke5 56. Rc3 Kf5 57. f4 Kg4 58. Kd1 g5 59. fxg5 fxg5 60. hxg5
Kxg5 61. Kc1 h4 62. gxh4+ Kxh4 63. Kb1 Rh2 64. Rc2 Rh1+ 65. Kb2 Kg5 66. Rf2 Rh3
67. a4 Re3 68. Rf7 Kg6 69. Rf8 Kg7 70. Rf4 Kg6 71. a5 Kg5 72. Ra4 Kf5 73. a6 Re8
74. a7 Ra8 75. Kb3 Ke6 76. Kb4 Kd6 77. Kb5 Kc7 78. Ka6 Kc6 79. Rc4+ Kd5 80. Rc1 1-0

[Event "21st ch-EUR Indiv w 2021"]
[Site "Iasi ROU"]
[Date "2021.08.10"]
[Round "2.4"]
[White "Antova, Gabriela"]
[Black "Bodnaruk, Anastasia"]
[Result "1/2-1/2"]
[WhiteTitle "FM"]
[BlackTitle "IM"]
[WhiteElo "2292"]
[BlackElo "2449"]
[WhiteFideId "2915235"]
[BlackFideId "4181751"]
[EventDate "2021.08.09"]

1. d4 Nf6 2. c4 g6 3. Nf3 Bg7 4. g3 O-O 5. Bg2 c6 6. Nc3 d5 7. cxd5 cxd5 8. Ne5
e6 9. O-O Nfd7 10. f4 Nc6 11. Be3 Ndxe5 12. fxe5 f6 13. exf6 Bxf6 14. Kh1 Bg7
15. Rxf8+ Qxf8 16. Bg1 Qb4 17. a3 Qxb2 18. Na4 Qb5 19. Rb1 Qa5 20. e4 Ne7 21.
Qb3 Qd8 22. Nc3 Kh8 23. Re1 e5 24. exd5 exd4 25. Nb5 d3 26. d6 Ng8 27. Qxd3 Bf5
28. Qd5 Qa5 29. Rc1 Rd8 30. Rc7 Bd7 31. Rxb7 Nf6 32. Qc5 Qe1 33. Nxa7 Re8 34.
Nc6 Ne4 35. Qa7 Bxc6 36. Rxg7 Nf2+ 37. Qxf2 Qxf2 38. Rxh7+ Kxh7 39. Bxf2 Bd7 40.
Bf3 Re5 41. h4 Ra5 42. Kg2 Rxa3 43. Be4 Kh6 44. Bc5 Rb3 45. Kf2 Bg4 46. Be3+ Kg7
47. Bd4+ Kh6 48. Bc6 Rd3 49. Be5 g5 50. hxg5+ Kxg5 51. Bf4+ Kf6 52. Bb5 Rd5 53.
Ba4 Rd4 54. Bc6 Ke6 55. Ke3 Rxd6 56. Bxd6 Kxd6 57. Kf4 Bh3 58. Bf3 Ke7 59. Bg4
Bf1 60. Ke5 Kf7 61. Be6+ Kg6 62. Kf4 1/2-1/2

[Event "21st ch-EUR Indiv w 2021"]
[Site "Iasi ROU"]
[Date "2021.08.10"]
[Round "2.5"]
[White "Efroimski, Marsel"]
[Black "Heinemann, Josefine"]
[Result "0-1"]
[WhiteTitle "IM"]
[BlackTitle "WGM"]
[WhiteElo "2446"]
[BlackElo "2296"]
[WhiteFideId "2810964"]
[BlackFideId "12900460"]
[EventDate "2021.08.09"]

1. e4 c5 2. Nf3 d6 3. Bb5+ Nd7 4. c3 Nf6 5. Qe2 a6 6. Ba4 e5 7. d4 b5 8. Bc2 Be7
9. a4 Rb8 10. Nbd2 O-O 11. O-O Qc7 12. Bd3 c4 13. Bc2 Bb7 14. Nh4 Rfe8 15. Nf5
Bf8 16. d5 g6 17. Ng3 Bg7 18. Nf3 Nc5 19. h3 Bc8 20. Be3 Bd7 21. a5 b4 22. Nd2
b3 23. Bb1 Bb5 24. h4 h5 25. Bg5 Rbc8 26. Rd1 Na4 27. Ndf1 Nh7 28. Bc1 Qxa5 29.
Ne3 Qd8 30. Rxa4 Bxa4 31. Nxc4 Bb5 32. Bd3 Bf8 33. Nd2 Bxd3 34. Qxd3 Qxh4 35.
Nxb3 Qg4 36. Nf1 h4 37. Nh2 Qh5 38. Rf1 Ra8 39. Na5 f5 40. Nc4 Nf6 41. exf5 gxf5
42. Qd1 Qg6 43. Nf3 f4 44. Nxh4 Qh7 45. Nf3 Ng4 46. g3 Qh3 47. Qc2 e4 48. Ncd2
Ra7 49. Nxe4 Rh7 50. Nf6+ Nxf6 51. Qg6+ Bg7 52. Nh4 f3 53. Bf4 Re4 54. Qg5 Rxh4
55. gxh4 Rxf4 0-1